| 000 | 00477nam a2200157 i 4500 | ||
|---|---|---|---|
| 001 | 70212 | ||
| 003 | ES-MaACL | ||
| 005 | 20230906170744.0 | ||
| 007 | t| | ||
| 008 | 040720s1965 sp ||||1| spa d | ||
| 100 | 1 |
_aGarcía Prada, Carlos. _955132 |
|
| 245 | 1 | 3 |
_aEl vuelo inesperado _b: poemas de la busca y el encuentro / _cCarlos García Prada. |
| 260 |
_aMadrid : _bEdiciones Iberoamericanas, _c1965. |
||
| 300 |
_a222 p. ; _c20 cm. |
||
| 852 |
_aES-MaACL _jC-26852 _bR.56466 |
||
| 999 |
_c70212 _d70212 |
||